000 00432nam a22001697a 4500
005 20160617165743.0
008 160617b xxu||||| |||| 00| 0 eng d
020 _a978-1403-92902-0
041 _aeng
082 _b8053
100 _aJadhav, Narendra
_92165
245 _aMonetory policy financial stability and central banking in India
260 _bMc Millan
_c2006
300 _a354
650 _aManagement
_9241
942 _cBK
999 _c3022
_d3021